000 00283nam a22001217a 4500
008 181018b xxu||||| |||| 00| 0 eng d
041 _aeng
080 _a574
100 _a9
101 _aMJE
245 _aNontarif Agricultural Trade Barriers
_cHillman.J.S
942 _2udc
_cBK
999 _c50148
_d50148